000 00698nam a22002177a 4500
003 DO-SdBNP
005 20220805131041.0
007 ta
008 211112b ||||| |||| 00| 0 eng d
020 _a9789945624069
040 _aDO-SdBNP
_bspa
_cBNPHUU
100 1 _aCastillo, Johan
_980600
245 1 0 _aAvanza que nadie te paralice /
_cJohan Castillo ; prólogo por Cristian Coronado.
260 _aSanto Domingo :
_bFR Multiservicios,
_c2021.
300 _a105 p. ;
_c22 cm
500 _aIncluye datos biográficos del autor en la solapa de la contracubierta.
590 _aInventariado, 2021 /LP
700 1 _aCoronado, Cristian
_978906
910 _aLopérez
942 _2ddc
_cLBS1
999 _c50941
_d50941